000 01054cam a2200337Li 4500
001 87704
005 20230410103618.0
008 011120s2000 sp a f 000 0 spa d
035 _a(OCoLC)ocn492976137
040 _aZWZ
_encafnor
_bfre
_cZWZ
020 _a8420634905 (br)
020 _a9788420634906 (br)
029 0 _aZWZ
_b058940383
035 _a(OCoLC)492976137
050 1 4 _a130 F 1436
_bP438b 2000
082 0 0 _a972.8
_220
100 1 _aPérez Brignoli, Héctor.
245 1 0 _aBreve historia de Centroamérica /
_cHéctor Pérez Brignoli.
260 _aMadrid :
_bAlianza Editorial,
_cDL 2000.
300 _a262 p. :
_bill. ;
_c18 cm.
490 1 _aEl Libro de bolsillo. Humanidades, Historia ;
_v4184
500 _aChronologie.
504 _aBibliogr. p. 243-251.
651 0 _aCentral America
_xHistory.
651 4 _aAmérica Central
_xHistoria.
651 7 _aAmérique centrale
_xHistoire.
_2ram
830 3 _aEl Libro de bolsillo. Sección humanidades ;
_v4184.
942 _2lcc
_cbk
946 _amfcruz
994 _aC0
_bDRFGD
999 _c22413
_d22413